000
00311nam a2200121Ia 4500
005
20251222144853.0
008
251222s9999||||xx |||||||||||||| ||spa||
082
_a
371.335.8/M26
100
_a
Martínez, Carmelo
245
0
_a
Televisión y Educación 1970
264
_b
Radiotelevisión Española
942
_c
LIB
999
_c
21663
_d
21663